Michael Caine Movies by Picture - Statistics

General Stats
  • This quiz has been taken 27 times
  • The average score is 8 of 20
Answer Stats
Picture Answer % Correct
The Dark Knight
79%
Zulu
67%
Austin Powers in Goldmember
58%
The Italian Job
54%
Get Carter
50%
Inception
50%
Educating Rita
46%
A Bridge Too Far
38%
Dirty Rotten Scoundrels
38%
Kingsman: The Secret Service
38%
Jaws 4: The Revenge
33%
The Ipcress File
33%
The Muppet Christmas Carol
33%
The Prestige
29%
Harry Brown
25%
Interstellar
25%
Now You See Me
25%
Battle of Britain
17%
The Great Escaper
17%
The Last Witch Hunter
17%
No matching quizzes found
Score Distribution
Percent of People with Each Score
Percentile by Number Answered
Your Score History
You have not taken this quiz